| 000 | 00730nam a2200241Ia 4500 | ||
|---|---|---|---|
| 005 | 20260121113034.0 | ||
| 008 | 10814 260114s9999 xx 000 0 eng d | ||
| 020 | _a9789814533003 | ||
| 037 | _aEBOOK | ||
| 040 |
_aCRL _beng _cCRL |
||
| 041 |
_aeng _2eng |
||
| 084 | _qCRL | ||
| 100 |
_aKuhn J R Et Al _9967250 |
||
| 245 | 0 | _aInfrared Tools for Solar Antrophysics: What'S Next? - Proceedings of the Fifteenth National Solar Observatory/Sacramento Peak Summer Workshop | |
| 260 | _bWorld Scientific | ||
| 260 | _bWSPC | ||
| 260 | _c1995 | ||
| 650 |
_aPhysics _9967251 |
||
| 856 | _uhttps://www.worldscientific.com/worldscibooks/10.1142/2680#t=toc | ||
| 942 | _cEBOOK | ||
| 999 |
_c1548114 _d1548114 |
||